Statistics for Anatomy of the Human Eye Map Quiz

Click here to take the quiz!

General Stats

  • This quiz has been taken 2,246 times
  • The average score is 5 of 10

Answers on the Map

Answers color-coded by a green-red scale on the quiz's map according to % correct below.
 

Answer Stats

Answer% Correct
Optic nerve
72%
Lens
60%
Cornea
57%
Vitreous body
56%
Iris
54%
Pupil
54%
Retina
51%
Sclera
42%
Ciliary body
41%
Choroidea
34%

Score Distribution

Percentile by Number Answered

Percent of People with Each Score

Your Score History

You have not taken this quiz